01970 2200409 4500001002100000005001500021035002000036008004100056020001500097041000800112082001100120084001700131100002400148245014100172250001100313260003700324300002800361504001400389520072600403650001801129650002901147990002601176990002601202990002601228990002501254990002501279990002501304990002601329990002601355990002601381990002501407990002501432990002601457990002601483990002601509990002501535INLIS00000000000762520221103102459 a0010-0520007625221103 | | ind  a9794505129 aind a346.04 a346.04 END p0 aEndang Purwaningsih1 aPerkembangan Hukum Intellectual Property Rights :bkajian Hukum Terhadap Hak Atas Kekayaan Intelektual Dan Kajian Komparatif Hukum Paten aCet. 1 aBogor :bGhalia Indonesia,c2005 axi,321p.;23 cm ;c23 cm ap.272-281 aSubstansi dari kajian buku ini mengenai paten adalah mengkaji dan menemukan esensi perlindungan paten dan batas lingkup hak paten serta mengkaji secara filosofis penyelesaiaan hukum terhadap sengketa paten. Pendekatan penulisan yang disajikan adalah legal research dengan pendekatan perundang-undangan (statue approach), pendekatan perbandingan (comparative approach). Pembahasan dilengkapi dengan subtopik tentang hak cipta (copyright), hak merek, hak paten, trade secret, desain industri, pokok perlindungan terhadap penemuan (teori-teori & perlindungan paten) di Eropa,Amerika, Jepang, dan Indonesia. Penyelesaian sengketa paten serta perkembangan perundang-undangnya, dilengkapi juga dengan Patent Cooperation Treaty. 4aHukum Perdata 4aHak Kekayaan Intelektual a15817/MKRI-P/XII-2009 a15816/MKRI-P/XII-2009 a15815/MKRI-P/XII-2009 a07988/MKRI-P/XI-2008 a07989/MKRI-P/XI-2008 a07988/MKRI-P/XI-2008 a15817/MKRI-P/XII-2009 a15816/MKRI-P/XII-2009 a15815/MKRI-P/XII-2009 a07989/MKRI-P/XI-2008 a07989/MKRI-P/XI-2008 a15817/MKRI-P/XII-2009 a15816/MKRI-P/XII-2009 a15815/MKRI-P/XII-2009 a07988/MKRI-P/XI-2008